000 00310nam a22001217a 4500
008 160430b xxu||||| |||| 00| 0 eng d
020 _a9780944398739
020 _a0944398723
041 _aeng
080 _a612.39
245 _aPresent knowledge in nutrition;
_cEkhard E. Ziegler; L.J. Filer;
942 _2udc
_cBK
999 _c1705
_d1705